<?xml version="1.0" encoding="UTF-8"?>
<collection xmlns="http://www.loc.gov/MARC21/slim">
 <record>
  <leader>00685pamaa2200193   4500</leader>
  <controlfield tag="001">0000022262</controlfield>
  <controlfield tag="005">20101025090000.0</controlfield>
  <controlfield tag="008">101025                             eng  </controlfield>
  <datafield tag="020" ind1="0" ind2="0">
   <subfield code="a">9789673440573 (pbk.) </subfield>
  </datafield>
  <datafield tag="090" ind1="0" ind2="0">
   <subfield code="a">LC3987.M3 </subfield>
   <subfield code="b">EDU 2009</subfield>
  </datafield>
  <datafield tag="245" ind1="1" ind2="0">
   <subfield code="a">Education for diverse learners  </subfield>
   <subfield code="c">editors, Ramlee Mustapha, Norzaini Azman, Abdul Razak Ahmad.</subfield>
  </datafield>
  <datafield tag="260" ind1="0" ind2="0">
   <subfield code="a">Serdang, Selangor: </subfield>
   <subfield code="b">Universiti Putra Malaysia Press, </subfield>
   <subfield code="c">2009.</subfield>
  </datafield>
  <datafield tag="300" ind1=" " ind2=" ">
   <subfield code="a">252p.: </subfield>
   <subfield code="b">ill.; </subfield>
   <subfield code="c">24cm.</subfield>
  </datafield>
  <datafield tag="650" ind1="0" ind2="0">
   <subfield code="a">Special education -- </subfield>
   <subfield code="z">Malaysia </subfield>
  </datafield>
  <datafield tag="650" ind1="0" ind2="0">
   <subfield code="a">Gifted children -- </subfield>
   <subfield code="x">Education -- </subfield>
   <subfield code="z">Malaysia </subfield>
  </datafield>
  <datafield tag="700" ind1="1" ind2="1">
   <subfield code="a">Ramlee Mustapha </subfield>
  </datafield>
  <datafield tag="700" ind1="1" ind2="1">
   <subfield code="a">Norzaini Azman </subfield>
  </datafield>
  <datafield tag="700" ind1="1" ind2="1">
   <subfield code="a">Abdul Razak Ahmad </subfield>
  </datafield>
  <datafield tag="901" ind1=" " ind2=" ">
   <subfield code="u">www.penerbit.upm.edu.my</subfield>
  </datafield>
 </record>
</collection>
